[Event "Bratto op 25th"]
[Site "Bratto"]
[Date "2005.08.21"]
[Round "2"]
[White "Buono, Michele"]
[Black "Vaccari, Sergio"]
[Result "1/2-1/2"]
[WhiteElo "2133"]
[BlackElo "2063"]
[PlyCount "90"]
[EventDate "2005.08.20"]
[EventType "swiss"]
[EventRounds "9"]
[EventCountry "ITA"]
[SourceTitle "CBM 108 Extra"]
[Source "ChessBase"]
[SourceDate "2005.11.04"]
[SourceVersion "1"]
[SourceVersionDate "2005.11.04"]
[SourceQuality "1"]

1. e4 e5 2. Bc4 Nf6 3. Nc3 Bc5 4. d3 d6 5. Na4 Bb6 6. Nxb6 axb6 7. f4 exf4 8. Bxf4 Be6 9. Bb3 Bxb3 10. axb3 Rxa1 11. Qxa1 Na6 12. Nf3 h6 13. 0-0 0-0 14. Qc1 Kh7 15. Nd4 Nc5 16. Nf5 Ng8 17. Rf3 Ne6 18. Be3 Ng5 19. Rg3 f6 20. h4 Ne6 21. Qd1 Qe8 22. Bc1 g6 23. Ne3 h5 24. Nd5 b5 25. Qd2 c6 26. Nf4 Nxf4 27. Qxf4 Qe5 28. c3 Re8 29. Rf3 Qe6 30. Kh2 Qe5 31. Rf2 Qxf4+ 32. Bxf4 Re6 33. Kg3 Kg7 34. Kf3 Ne7 35. Rf1 d5 36. Ra1 dxe4+ 37. dxe4 f5 38. exf5 Nxf5 39. g3 b4 40. Rd1 bxc3 41. bxc3 Kf7 42. Rd8 b6 43. Rd7+ Re7 44. Rd8 Re6 45. Rd7+ Re7 1/2-1/2